Busiest Airports in Africa - Statistics

General Stats
  • This quiz has been taken 2,600 times
  • The average score is 31 of 50
Answer Stats
answer % Correct
Cairo
97%
Cape Town
96%
Johannesburg
96%
Lagos
90%
Nairobi
90%
Casablanca
88%
Tunis
87%
Algiers
81%
Addis Ababa
80%
Durban
75%
South Africa
74%
South Africa
74%
South Africa
74%
South Africa
74%
Egypt
72%
Egypt
72%
Egypt
72%
Dakar
71%
Abuja
70%
Accra
70%
Morocco
70%
Morocco
70%
Morocco
70%
Nigeria
70%
Nigeria
70%
Nigeria
70%
Dar es Salaam
68%
Kenya
68%
Algeria
65%
Tunisia
64%
Tunisia
64%
Tunisia
64%
Tunisia
64%
Ethiopia
62%
Marrakesh
61%
Tanzania
59%
Ghana
57%
Senegal
55%
Mauritius
47%
Mauritius
47%
Port Elizabeth
46%
Sharm el-Sheikh
37%
France
33%
Agadir
25%
Hurghada
25%
Port Harcourt
23%
Djerba
20%
Saint-Denis
20%
Monastir
13%
Enfidha
7%
No matching quizzes found
Score Distribution
Percent of People with Each Score
Percentile by Number Answered
Your Score History
You have not taken this quiz